Militarizing Sri Lanka : (Record no. 9363)

MARC details
000 -LEADER
fixed length control field 00983 a2200253 4500
010 ## - LIBRARY OF CONGRESS CONTROL NUMBER
LC control number ENG-88861
020 ## - INTERNATIONAL STANDARD BOOK NUMBER
International Standard Book Number 0761936350 (paper back)
Terms of availability 475.00
035 ## - SYSTEM CONTROL NUMBER
System control number EN-72394
037 ## - SOURCE OF ACQUISITION
Source of stock number/acquisition DBAD / PUB
082 14 - DEWEY DECIMAL CLASSIFICATION NUMBER
Classification number 958.03
090 ## - LOCALLY ASSIGNED LC-TYPE CALL NUMBER (OCLC); LOCAL CALL NUMBER (OCLC)
-- 9537
-- 9537
100 1# - MAIN ENTRY--PERSONAL NAME
Personal name De Mel, Neloufer
245 1# - TITLE STATEMENT
Title Militarizing Sri Lanka :
Remainder of title popular culture, memory and narrative in the armed conflict /
Statement of responsibility, etc by Neloufer de Mel.
260 ## - PUBLICATION, DISTRIBUTION, ETC. (IMPRINT)
Place of publication, distribution, etc New Delhi
Name of publisher, distributor, etc Sage Publications,
Date of publication, distribution, etc 2007
270 ## - ADDRESS
Address B1/I-1, Mohan Cooperative Industiral Area, Mathura Road
City New Delhi
Postal code 110 044
300 ## - PHYSICAL DESCRIPTION
Extent 329 p.
Dimensions 21 cm. (Pbk.)
500 ## - GENERAL NOTE
General note Includes bibliographical references and index
650 #0 - SUBJECT ADDED ENTRY--TOPICAL TERM
Topical term or geographic name as entry element National security
Geographic subdivision Sri Lanka.
650 #0 - SUBJECT ADDED ENTRY--TOPICAL TERM
Topical term or geographic name as entry element Nationalism and feminism
Geographic subdivision Sri Lanka.
651 #0 - SUBJECT ADDED ENTRY--GEOGRAPHIC NAME
Geographic name Sri Lanka
General subdivision Politics and government
Chronological subdivision 1978-
651 #0 - SUBJECT ADDED ENTRY--GEOGRAPHIC NAME
Geographic name Sri Lanka
General subdivision Military policy.
942 ## - ADDED ENTRY ELEMENTS (KOHA)
Institution code [OBSOLETE] dpl
Koha item type English Books
Call number prefix 958.03 / MEL
Holdings
Withdrawn status Lost status Source of classification or shelving scheme Damaged status Not for loan Collection code Home library Current library Source of acquisition Cost, normal purchase price Total Checkouts Full call number Barcode Date last seen Copy number Uniform Resource Identifier Cost, replacement price Price effective from Koha item type
    Dewey Decimal Classification   Not For Loan Non-fiction D.B.Act.Division D.B.Act.Division DBAD/PUB 475.00   958.03 DEM EN-72394 15/09/2008 1 10344 475.00 15/09/2008 English Books

© Delhi Public Library
Hit Counter
free hit counter